000 00386pam a2200157a 44500
008 230515b1990 xxu||||| |||| 00| 0 eng d
020 _aNULL
041 _aENGL
082 _a621.395 / HAS
100 _aHASKARD M.R.
245 _aAN INTRODUCTION TO APPLICATION SPECIFIC INTEGRATED CIRCUITS
250 _aN.D.
260 _aNULL
_bPRENT
_c1990
300 _a146 HB
650 _aNULL
999 _c632362
_d632362